Such a lovely family (Record no. 4894)

MARC details
000 -CABECERA
campo de control de longitud fija 02534cam a2200361 i 4500
001 - NÚMERO DE CONTROL
campo de control a45082264
003 - IDENTIFICADOR DEL NÚMERO DE CONTROL
campo de control SIRSI
005 - FECHA Y HORA DE LA ÚLTIMA TRANSACCIÓN
campo de control 20250828090841.0
008 - DATOS DE LONGITUD FIJA--INFORMACIÓN GENERAL
campo de control de longitud fija 240305t20242024nyu 000 1 eng d
020 ## - NÚMERO INTERNACIONAL ESTÁNDAR DEL LIBRO
Número Internacional Estándar del Libro 9781250891976
Información calificativa (hardcover)
020 ## - NÚMERO INTERNACIONAL ESTÁNDAR DEL LIBRO
Número Internacional Estándar del Libro 9781250891990
Información calificativa (trade paperback)
035 ## - NÚMERO DE CONTROL DEL SISTEMA
Número de control de sistema (OCoLC)1424951825
040 ## - FUENTE DE LA CATALOGACIÓN
Centro catalogador/agencia de origen IEP
Lengua de catalogación eng
Normas de descripción rda
Centro/agencia transcriptor IEP
Centro/agencia modificador IEP
-- GZD
-- OCLCO
-- IUK
-- YDX
-- MWD
-- VP@
-- OCLCQ
-- UtOrBLW
041 ## - CÓDIGO DE LENGUA
Código de lengua del texto/banda sonora o título independiente English
043 ## - CÓDIGO DE ÁREA GEOGRÁFICA
Código de área geográfica n-us-md
049 ## - FONDOS LOCALES (OCLC)
Fondos de biblioteca UPMM
050 14 - SIGNATURA TOPOGRÁFICA DE LA BIBLIOTECA DEL CONGRESO
Número de clasificación PS3620.H6477
Número de documento/Ítem S83 2024
100 ## - ENTRADA PRINCIPAL--NOMBRE DE PERSONA
Nombre de persona Thompson, Aggie Blum,
Término indicativo de función/relación author.
Número de control del registro de autoridad o número normalizado http://id.loc.gov/authorities/names/n2021010710
Código de función http://id.loc.gov/vocabulary/relators/aut
9 (RLIN) 25824
245 10 - MENCIÓN DE TÍTULO
Título Such a lovely family
Mención de responsabilidad, etc. / Aggie Blum Thompson.
250 ## - MENCIÓN DE EDICIÓN
Mención de edición First edition.
264 #1 - PRODUCCIÓN, PUBLICACIÓN, DISTRIBUCIÓN, FABRICACIÓN Y COPYRIGHT
Producción, publicación, distribución, fabricación y copyright New York :
Nombre del de productor, editor, distribuidor, fabricante Forge, Tor Publishing Group,
Fecha de producción, publicación, distribución, fabricación o copyright 2024.
264 #4 - PRODUCCIÓN, PUBLICACIÓN, DISTRIBUCIÓN, FABRICACIÓN Y COPYRIGHT
Fecha de producción, publicación, distribución, fabricación o copyright ©2024
300 ## - DESCRIPCIÓN FÍSICA
Extensión 340 pages ;
Dimensiones 22 cm
520 ## - SUMARIO, ETC.
Sumario, etc. The cherry blossoms are in full bloom in Washington, D.C., and the Calhouns are in the midst of hosting their annual party to celebrate the best of the spring season. With a house full of friends, neighbors, and their beloved three adult children, the Calhouns are expecting another picture-perfect event. But a brutal murder in the middle of the celebration transforms the yearly gathering into a homicide scene, and all the guests into suspects.<br/><br/>Behind their façade of perfection, the Calhoun family has been keeping some very dark secrets. Parents who use money and emotional manipulation to control their children. Two sons, one the black sheep who is desperate to outrun mistakes he’s made, and the other a new father, willing to risk everything to protect his child. And a daughter: an Instagram influencer who refuses to face the truth about the man she married.<br/><br/>As the investigation heats up, family tensions build, and alliances shift. Long-buried resentments surface, forcing the Calhouns to face their darkest secrets before it’s too late.
650 #0 - PUNTO DE ACCESO ADICIONAL DE MATERIA--TÉRMINO DE MATERIA
Término de materia o nombre geográfico como elemento de entrada Parties
Subdivisión de forma Fiction.
Número de control del registro de autoridad o número normalizado http://id.loc.gov/authorities/subjects/sh2008109510
650 #0 - PUNTO DE ACCESO ADICIONAL DE MATERIA--TÉRMINO DE MATERIA
Término de materia o nombre geográfico como elemento de entrada Family secrets
Subdivisión de forma Fiction
Número de control del registro de autoridad o número normalizado http://id.loc.gov/authorities/subjects/sh2008103513
9 (RLIN) 23679
650 #0 - PUNTO DE ACCESO ADICIONAL DE MATERIA--TÉRMINO DE MATERIA
Término de materia o nombre geográfico como elemento de entrada Murder
Subdivisión de forma Fiction
Número de control del registro de autoridad o número normalizado http://id.loc.gov/authorities/subjects/sh2008107179
9 (RLIN) 25440
650 #0 - PUNTO DE ACCESO ADICIONAL DE MATERIA--TÉRMINO DE MATERIA
Término de materia o nombre geográfico como elemento de entrada Homicide investigation
Subdivisión de forma Fiction.
651 #0 - PUNTO DE ACCESO ADICIONAL DE MATERIA--NOMBRE GEOGRÁFICO
Nombre geográfico Washington (D.C.)
Subdivisión de forma Fiction.
655 #0 - TÉRMINO DE INDIZACIÓN--GÉNERO/FORMA
Datos o término principal de género/forma Thrillers (Fiction)
Número de control del registro de autoridad o número normalizado http://id.loc.gov/authorities/genreForms/gf2014026571
9 (RLIN) 22669
655 #0 - TÉRMINO DE INDIZACIÓN--GÉNERO/FORMA
Datos o término principal de género/forma Detective and mystery fiction
Número de control del registro de autoridad o número normalizado http://id.loc.gov/authorities/genreForms/gf2014026280
9 (RLIN) 23664
942 ## - ELEMENTOS DE ENTRADA AGREGADA (KOHA)
Fuente del sistema de clasificación o colocación Clasificación de Library of Congress
Holdings
Estado de retiro Estado de pérdida Fuente del sistema de clasificación o colocación Estado dañado No para préstamo Biblioteca de origen Biblioteca actual Fecha de adquisición Total de préstamos Signatura topográfica completa Código de barras Fecha visto por última vez Número de copia Precio válido a partir de Tipo de ítem Koha
    Clasificación de Library of Congress     TBS Barcelona TBS Barcelona 28/08/2025   P-EN BLU B05625 28/08/2025 1 28/08/2025 Book

Powered by Koha